000 00963nam a2200241 a 4500
001 75956
003 BD-RjUL
005 20211209082752.0
008 190924s2018 bg a|||| bm|| 00| 0 eng d
035 _a(BD-RjUL)76175
040 _aBD-RjUL
_beng
_cBD-RjUL
_dBD-RjUL
041 _aeng
082 _a616.24075
_223
_bALS 2018
100 1 _aAli, Mohammad Zulficar
_9233131
245 1 0 _aStatistical Investigation on Lung Capacity Status of the Students of Rajshahi University /
_cSubmitted by Mohammad Zulficar Ali ;
_6Supervisor: Md. Ayub Ali
260 _aRajshahi :
_bDepatrment of Statistics, University of Rajshahi,
_c2018
300 _axix, 206 leaves :
_bIll. ;
_c29 cm.
502 _aThesis (Ph. D.) -- Depatrment of Statistics, University of Rajshahi, 2018
504 _aBibliograhy: Leaves [157]-169
650 _aLungs
_xDiseases
_xDiagnosis
_zBangladesh
_zRajshahi University
_9233133
700 _aAli, Md. Ayub, Supervisor
_9233132
942 _2ddc
_cTHE
999 _c75956
_d75956